LIBRARY & INFORMATION CENTRE, KCAET, TAVANUR

ONLINE PUBLIC ACCESS CATALOGUE (OPAC)

Advanced inorganic chemistry : A comprehensive text / (Record no. 1667)

MARC details
000 -LEADER
fixed length control field 00481cam a2200181ua 4500
020 ## - INTERNATIONAL STANDARD BOOK NUMBER
ISBN 0 85226 1411
041 ## - LANGUAGE CODE
Language code of text/sound track or separate title eng
082 ## - DEWEY DECIMAL CLASSIFICATION NUMBER
Classification number 546
Item number COT/AD
100 ## - MAIN ENTRY--AUTHOR NAME
Personal name Cotton, Albert.F .
245 ## - TITLE STATEMENT
Title Advanced inorganic chemistry : A comprehensive text /
250 ## - EDITION STATEMENT
Edition statement 3 /
260 ## - PUBLICATION, DISTRIBUTION, ETC. (IMPRINT)
Place of publication New Delhi :
Name of publisher Wiley Eastern Ltd ,
Year of publication 1985.
300 ## - PHYSICAL DESCRIPTION
Number of Pages 1145 ; .
942 ## - ADDED ENTRY ELEMENTS (KOHA)
Koha item type Books
Holdings
Withdrawn status Lost status Damaged status Home library Current library Shelving location Date acquired Full call number Accession Number Koha item type
Withdrawn   Damaged KAUAET KAUAET Binding Shelf 22/08/1986 546 15482 Books
      KAUAET KAUAET Scheme 26/07/2018 546 COT/AD 18969 Book Bank scheme for SC students
free website counter